可変3連MIX - Statistics

General Stats
  • This quiz has been taken 8 times
  • The average score is 26 of 35
Answer Stats
Answer % Correct
ファイヤ
100%
ファイヤー
100%
ファイヤー
100%
人造
83%
ファイボ
83%
ワイパー
83%
タイガー
83%
タイガー
83%
ワイパー
83%
83%
タイガー
83%
83%
タイガー
83%
人造
83%
繊維
83%
タタタタタイガー
67%
チャペ
67%
アペ
67%
カラ
67%
キナ
67%
チャペ
67%
アペ
67%
カラ
67%
キナ
67%
ミョーホントゥスケ
67%
カラ
67%
キナ
67%
チャペ
67%
アペ
67%
海女
67%
海女
67%
ジャスパー
67%
イェッタイガー
67%
虎虎
50%
ファーマー
50%
No matching quizzes found
Score Distribution
Percent of People with Each Score
Percentile by Number Answered
Your Score History
You have not taken this quiz